| 000 | 00948na a2200289 4500 | ||
|---|---|---|---|
| 001 | 24064 | ||
| 003 | MIRAKIL | ||
| 005 | 20181213155329.0 | ||
| 008 | 180321b tu 000 0 | ||
| 020 | _a975458124x | ||
| 040 |
_aMilas _btur _cTR-AnCHP |
||
| 041 | _atur | ||
| 082 |
_a956.1023 _bA47i 1998 |
||
| 090 | _a956.1023 A47i 1998 | ||
| 100 | _aAkşin, Sina | ||
| 245 |
_aİstanbul hükümetleri ve Milli mücadele _bSon meşrutiyet (1919-1920) _cSina Akşin |
||
| 246 | _aSon meşrutiyet (1919-1920) | ||
| 260 |
_aİstanbul _bTürkiye İş Bankası Kültür Yayınları _c1998 _fDoğuş Matbaacılık |
||
| 300 |
_a558 s. _c19 sm. |
||
| 440 |
_aTürkiye İş Bankası Kültür Yayınları _v382 |
||
| 490 |
_aTarih Dizisi _v31 |
||
| 504 | _aKaynakça ve dizin var. | ||
| 650 |
_aSiyasi partiler _xTürkiye _xTarih |
||
| 650 |
_aMilli mücadele _xHükümetler _zİstanbul |
||
| 740 | _aSon meşrutiyet (1919-1920) | ||
| 942 |
_2ddc _cBKS |
||
| 999 |
_c10647 _d10647 |
||